Taylor Swift songs by lyrics - Statistics

General Stats
  • This quiz has been taken 141 times
  • The average score is 14 of 21
Answer Stats
Hint Answer Album % Correct
"It feels like a perfect night to dress up as hipsters" 22 Red
88%
"You drew stars around my scars" Cardigan Folklore
88%
"Cause I don't know how it gets better than thisYou take my hand and drag me head first" Fearless Fearless
88%
"And it's new, the shape of your bodyIt's blue, the feeling I've got" Cruel Summer Lover
87%
Say you'll remember me Standing in a nice dressStaring at the sunset, babe Wildest Dreams 1989
86%
"Salt air, and the rust on your doorI never needed anything more" August Folklore
82%
"I hate accidents except when wewent from friends to this" Paper Rings Lover
81%
"Rain came pouring down when I was drowning,that's when I could finally breathe Clean 1989
80%
"And bring on all the pretendersOne day we will be remembered" Long Live Speak Now
76%
"Dive bar on the East Side, where you at?Phone lights up my nightstand in the black" Delicate Reputation
74%
"You don't get to tell me about sad" Whos Afraid ofLittle Old Me TTPD
70%
"I don't wanna miss you (I don't wanna miss you)Like the other girls do" Endgame Reputation
66%
When the morning came we were cleaning incenseoff your vinyl shelf Cause we lost track of time again Maroon Midnights
64%
I stopped picking up and thissong is to let you know why Dear John Speak Now
56%
"I just wanna know you better, know you better,know you better now" Everything HasChanged Red
51%
"You can beat the heat if you beat the charges tooThey said I was a cheat, I guess it must be true" Florida TTPD
50%
And the first night that you saw me, I knew I wanted your body? Mastermind Midnights
50%
"All the pieces fall right into place" So It Goes Reputation
50%
"And when we had that fight out in the rainYou ran after me and called my name" ME! Lover
46%
"Can't not think of all the cost and the things that will be lost" Evermore Evermore
36%
"This night is sparkling, don't you let it goI'm wonderstruck, blushing all the way home" Encanted Speak Now
5%
No matching quizzes found
Score Distribution
Percent of People with Each Score
Percentile by Number Answered
Your Score History
You have not taken this quiz